এক্সপোর্ট সম্পূর্ন হয়েছে — 

A handbook on Japanese industrial structure:

Gespeichert in:
Bibliographische Detailangaben
Format: Buch
Sprache:Undetermined
Veröffentlicht: Tokyo 1978
Schlagworte:
Tags: Tag hinzufügen
Keine Tags, Fügen Sie den ersten Tag hinzu!
Thư viện lưu trữ: Trung tâm Học liệu Trường Đại học Cần Thơ
LEADER 00396nam a2200145Ia 4500
001 CTU_99005
008 210402s9999 xx 000 0 und d
082 |a 338.40952 
082 |b H236 
245 2 |a A handbook on Japanese industrial structure: 
260 |a Tokyo 
260 |c 1978 
650 |a Industrial organization 
904 |i Truc 
980 |a Trung tâm Học liệu Trường Đại học Cần Thơ